|
|
|
|
| LEADER |
00648nab a2200193 i 4500 |
| 001 |
tisza23421 |
| 005 |
20200330114331.0 |
| 008 |
161128s1947 hu o 0|| hun d |
| 022 |
|
|
|a 0133-1167
|
| 040 |
|
|
|a SZTE Tiszatáj Archívum
|b hun
|
| 041 |
|
|
|a hun
|
| 100 |
1 |
|
|a Madácsy László
|
| 245 |
1 |
0 |
|a Moldvay Győző
|h [elektronikus dokumentum] :
|b Magam körül : [könyvismertetés] /
|c Madácsy László
|
| 260 |
|
|
|c 1947
|
| 300 |
|
|
|a 58
|
| 490 |
0 |
|
|a Tiszatáj
|v 1 No. 5
|
| 695 |
|
|
|a Magyar irodalom - vers - könyvismertetés
|
| 700 |
0 |
1 |
|a Moldvay Győző
|
| 856 |
4 |
0 |
|u http://tiszataj.bibl.u-szeged.hu/23421/1/tiszataj_1947_005_058.pdf
|z Dokumentum-elérés
|